| 000 | 00794nam a2200229 i 4500 | ||
|---|---|---|---|
| 001 | 188639 | ||
| 003 | ES-MaACL | ||
| 005 | 20250824081509.0 | ||
| 007 | t| | ||
| 008 | 190116s1965 sp ||||1| spa d | ||
| 100 | 1 |
_aBrecht, Bertolt, _d1898-1956 _931544 |
|
| 245 | 1 | 3 |
_aLa ópera de perra gorda / _cBertolt Brecht ; con ensayos de Alfonso Sastre y Feliu Formosa ; [traducción del alemán por Karen Sesemann]. |
| 260 |
_aBarcelona : _bAymá, _c1965. |
||
| 300 |
_a134 p., 4 lám. ; _c19 cm. |
||
| 490 | 1 |
_aVoz imagen. Teatro ; _v9 |
|
| 700 | 1 |
_aSastre, Alfonso, _d1926- _9103915 |
|
| 700 | 1 |
_aFormosa, Feliu, _d1934- _951759 |
|
| 700 | 1 |
_aSesemann, Karem. _9165984 |
|
| 830 | 1 | 0 |
_aVoz imagen. _pTeatro _v9 _9193124 |
| 852 |
_aES-MaACL _jP-295-Ter-7 |
||
| 999 |
_c188639 _d188639 |
||